<?xml version="1.0" encoding="UTF-8"?>
<collection xmlns="http://www.loc.gov/MARC21/slim">
 <record>
  <leader>00567pamaa2200157   4500</leader>
  <controlfield tag="001">0000033222</controlfield>
  <controlfield tag="005">20101021090000.0</controlfield>
  <datafield tag="020" ind1="0" ind2="0">
   <subfield code="a">0073655325 (CD-ROM) </subfield>
  </datafield>
  <datafield tag="090" ind1="0" ind2="0">
   <subfield code="a">QP514.2 </subfield>
   <subfield code="b">MCK 1999</subfield>
  </datafield>
  <datafield tag="100" ind1="1" ind2="0">
   <subfield code="a">McKee </subfield>
  </datafield>
  <datafield tag="245" ind1="1" ind2="2">
   <subfield code="a">McGraw-Hill 3D library of biomolecules : </subfield>
   <subfield code="b">molecular arts corporation for windows 95/NT and macintosh  </subfield>
   <subfield code="c">Trudy McKee, James R. McKee [</subfield>
   <subfield code="m">CD-ROM].</subfield>
  </datafield>
  <datafield tag="260" ind1="0" ind2="0">
   <subfield code="a">Boston: </subfield>
   <subfield code="b">WCB/McGraw-Hill, </subfield>
   <subfield code="c">1999.</subfield>
  </datafield>
  <datafield tag="300" ind1=" " ind2=" ">
   <subfield code="a">1 CD-ROM; </subfield>
   <subfield code="c">4.5 inch.</subfield>
  </datafield>
  <datafield tag="500" ind1="0" ind2="0">
   <subfield code="a">To accompany textbook titled &quot; Biochemistry and Introduction &quot;</subfield>
  </datafield>
  <datafield tag="650" ind1="0" ind2="0">
   <subfield code="a">Biochemistry </subfield>
  </datafield>
  <datafield tag="700" ind1="1" ind2="1">
   <subfield code="a">McKee, </subfield>
   <subfield code="h">James R. </subfield>
  </datafield>
 </record>
</collection>
